• 首页
  • 本馆介绍
  • 公告通知
  • 最新文献
  • 馆藏检索
  • 电子资源
  • 读者导购
  • 参考咨询
  • 我的图书馆
  • 登录
  • 详细信息显示
  • 放入我的书架
  • 预约/预借图书
  • 作者相关作品
  • 分类相关作品
  • 丛书相关作品
  • 出版社相关作品

书目信息

  • 表格格式
  • 工作单格式
  • 卡片格式
题名:
节俗史话
    
 
作者: 韩养民 , 郭兴文 著
分册:  
出版信息: 北京   社会科学文献出版社  2011.11
页数: 234页
开本: 21cm
丛书名: 中国史话
单 册:
中图分类: K892.1
科图分类:
主题词: 节日--风俗习惯--中国 , 节日 , 风俗习惯
电子资源:
ISBN: 978-7-5097-2685-3
000 01047oam2 2200313 450
001 010050026131
005 20120619160517.37
010    @a978-7-5097-2685-3@dCNY15.00
100    @a20120105d2011 em y0chiy0110 ea
101 0  @achi
102    @aCN@b110000
105    @aa z 000yy
106    @ar
200 1  @a节俗史话@9jie su shi hua@f韩养民,郭兴文著
210    @a北京@c社会科学文献出版社@d2011.11
215    @a234页@c照片@d21cm
225 2  @a中国史话@i社会风俗系列
300    @a“十二五”国家重点出版规划项目
308    @a总丛编序号:105
330    @a本书比较详细地介绍了春节(除夕、元旦、元宵)、清明、端午、七夕、中秋、重阳节等传统节日萌芽、定型、发展过程及其特点,并围绕节日开展的各项活动、有关轶闻趣事、故事传说,进行了深入的探讨。
462  0 @12001 @a社会风俗系列
606 0  @a节日@x风俗习惯@y中国
606 0  @a节日
606 0  @a风俗习惯
690    @aK892.1@v4
701  0 @a韩养民@9han yang min@f(1939~)@4著
701  0 @a郭兴文@9guo xing wen@4著
801  0 @aCN@bNLC@c20120222
905    @b539909-13@dK892.1@e175@f5
    
    节俗史话/韩养民,郭兴文著.-北京:社会科学文献出版社,2011.11
    234页:照片;21cm.-(中国史话.社会风俗系列)
    “十二五”国家重点出版规划项目
    
    ISBN 978-7-5097-2685-3:CNY15.00
    本书比较详细地介绍了春节(除夕、元旦、元宵)、清明、端午、七夕、中秋、重阳节等传统节日萌芽、定型、发展过程及其特点,并围绕节日开展的各项活动、有关轶闻趣事、故事传说,进行了深入的探讨。
●
相关链接 在E读中查询图书 在五车中查询图书 在当当中查询图书 在豆瓣中查询图书


正题名:节俗史话     索取号:K892.1/175         预约/预借

序号 登录号 条形码 馆藏地/架位号 状态 备注
1 539909   205399095   第二样本阅览室/ [索取号:K892.1/175] 在馆    
2 539910   205399102   第二借阅区/ [索取号:K892.1/175] 在馆    
3 539911   205399111   第二借阅区/ [索取号:K892.1/175] 在馆    
4 539912   205399120   第二借阅区/ [索取号:K892.1/175] 在馆    
5 539913   205399139   第二借阅区/ [索取号:K892.1/175] 在馆    
唐山师范学院图书馆 欢迎您!
大连网信软件有限公司© 版权所有